| 000 | 02249cam a22004215a 4500 | ||
|---|---|---|---|
| 001 | 6282039 | ||
| 003 | OSt | ||
| 005 | 20210909110027.0 | ||
| 008 | 070314s2007 pk a bs 001 0 eng | ||
| 010 | _a 2007379045 | ||
| 020 | _a9780195472516 | ||
| 025 | _aP-E-2007379045 ; 06 ; 28 | ||
| 035 | _a(OCoLC)ocm86173123 | ||
| 035 | _a(OCoLC)86173123 | ||
| 035 | _a(NNC)6282039 | ||
| 038 | _akhadija | ||
| 040 |
_aDLC _cDLC _dBAKER _dBTCTA _dSDB _dYDXCP |
||
| 042 | _alcode | ||
| 082 |
_a327 _bISL |
||
| 090 |
_aD1056.2.M87 _bI84 2007 |
||
| 245 | 0 | 0 |
_aIslam in the European Union: _bTransnationalism, Youth and the War on Terror / _cedited by Yunas Samad, Kasturi Sen. |
| 260 |
_aKarachi: _bOxford University Press, _c2007. |
||
| 300 |
_axxv, 251 p. : _bill. ; _c23 cm. |
||
| 500 | _aIncludes statistical tables. | ||
| 504 | _aIncludes bibliographical references (p. [232]-244) and index. | ||
| 505 | 0 | 0 |
_tMuslims in Europe : demography and organizations / _rKonrad Pêdziwiatr -- _tOrientalism and otherness / _rBryan Turner -- _tMaking of Islamic radicalism : Iran and Turkey / _rMasoud Kamali -- _tAfghanistan : making of transnational Jihad / _rIan Talbot -- _gThe _thybrid and globalized Islam of Western Europe / _rJocelyne Cesari -- _tTransnationalism and identities / _rGodfried Engbersen -- _tViolence, gender and identity : re-imagining 'The Asian Gang' / _rClaire Alexander -- _tEthnicization of religion / _rYunas Samad -- _tYoung South Asian Muslims and identity / _rAminah Mohammad-Arif -- _tComparative perspectives on discrimination law / _rTufyal Choudhury -- _tTerrorizing communities : the so-called 'war on terror' in the UK / _rLes Levidow -- _gThe _tpolitics of identity / _rImran Khan -- _gConclusion : _tpolicy implications : youth, gender and trans-Islam / _rKasturi Sen. |
| 563 | _ahardcover | ||
| 650 | 0 |
_aIslam _zEuropean Union countries. _982310 |
|
| 650 | 0 |
_aIslam and politics _zEuropean Union countries. _982311 |
|
| 650 | 0 |
_aMuslims _zEurope. _982312 |
|
| 650 | 0 |
_aWar on Terrorism, 2001-2009. _914608 |
|
| 651 | 0 |
_aEuropean Union countries _xEthnic relations. _982313 |
|
| 700 | 1 |
_aSamad, Yunas, _d1951- _925134 |
|
| 700 | 1 |
_aSen, Kasturi, _d1956- _982314 |
|
| 942 |
_2ddc _cBK |
||
| 948 | 1 |
_a20070910 _bc _csds12 _dMPS |
|
| 999 |
_c32310 _d32310 |
||